Sermones escogidos de varios predicadores modernos entre ellos Mazo, Muñoz Capilla, Ravignan, Coeur, etc. etc.

Detalles Bibliográficos
Formato: Libro
Lenguaje:Undetermined
Spanish
Publicado: Paris : Libreria de Garnier hermanos, 1855.
Materias:
Colección:Banco de datos
Acervo:Biblioteca Palafoxiana. Colección bibliográfica
Descripción Física:476 p. ; 4°
Tema general:Homilética
Notas:Incluye retrato del R.P. de Ravignan. Número de localización: 3371
LEADER 00583nam a2200157Ia 4500
008 150723s9999 xx 000 0 und d
041 0 |a spa 
050 0 |a PAFX BV4207 S4 
245 1 0 |a Sermones escogidos de varios predicadores modernos entre ellos Mazo, Muñoz Capilla, Ravignan, Coeur, etc. etc. 
260 |a Paris : Libreria de Garnier hermanos, 1855. 
300 |a 476 p. ; 4° 
500 |a Incluye retrato del R.P. de Ravignan. Número de localización: 3371 
650 1 0 |a Homilética 
942 |c PALALIB 
943 |g Biblioteca Palafoxiana. Colección bibliográfica 
999 |c 1054473  |d 1054473